<?xml version="1.0" encoding="UTF-8"?>
<record
    xmlns:xsi="http://www.w3.org/2001/XMLSchema-instance"
    xsi:schemaLocation="http://www.loc.gov/MARC21/slim http://www.loc.gov/standards/marcxml/schema/MARC21slim.xsd"
    xmlns="http://www.loc.gov/MARC21/slim">

  <leader>01520nam a2200325 i 4500</leader>
  <controlfield tag="003">EG-GICUC</controlfield>
  <controlfield tag="005">20260121101235.0</controlfield>
  <controlfield tag="008">251117s2019    ua o|||fr|||| 000 0 ara d</controlfield>
  <datafield tag="017" ind1=" " ind2=" ">
    <subfield code="a">20194328</subfield>
  </datafield>
  <datafield tag="020" ind1=" " ind2=" ">
    <subfield code="a">9789778547405</subfield>
  </datafield>
  <datafield tag="040" ind1=" " ind2=" ">
    <subfield code="a"> EG-GICUC</subfield>
    <subfield code="b">ara</subfield>
    <subfield code="c"> EG-GICUC</subfield>
    <subfield code="d"> EG-GICUC</subfield>
    <subfield code="e">rda</subfield>
  </datafield>
  <datafield tag="041" ind1=" " ind2=" ">
    <subfield code="a">ara</subfield>
    <subfield code="a">fr</subfield>
  </datafield>
  <datafield tag="082" ind1="0" ind2="4">
    <subfield code="2">21</subfield>
    <subfield code="a">341.8</subfield>
    <subfield code="b">&#x623; &#x62D; . &#x645;</subfield>
  </datafield>
  <datafield tag="092" ind1="0" ind2="4">
    <subfield code="2">21</subfield>
  </datafield>
  <datafield tag="099" ind1=" " ind2=" ">
    <subfield code="a">Law1 12 341.8 &#x623; &#x62D; . &#x645; 1  ed - 2019 </subfield>
  </datafield>
  <datafield tag="100" ind1="0" ind2=" ">
    <subfield code="a">&#x623;&#x62D;&#x645;&#x62F; &#x635;&#x627;&#x62F;&#x642; &#x627;&#x644;&#x642;&#x634;&#x64A;&#x631;&#x64A;</subfield>
    <subfield code="e">&#x645;&#x624;&#x644;&#x641;.</subfield>
  </datafield>
  <datafield tag="245" ind1=" " ind2=" ">
    <subfield code="a">&#x645;&#x641;&#x647;&#x648;&#x645; &#x648; &#x62A;&#x637;&#x628;&#x64A;&#x642;&#x627;&#x62A; &#x642;&#x627;&#x646;&#x648;&#x646; &#x639;&#x628;&#x631; &#x627;&#x644;&#x62F;&#x648;&#x644;.</subfield>
    <subfield code="p">&#x645;&#x62D;&#x635;&#x644;&#x629; &#x645;&#x643;&#x62A;&#x633;&#x628;&#x627;&#x62A; &#x627;&#x644;&#x62A;&#x643;&#x648;&#x64A;&#x646; &#x627;&#x644;&#x642;&#x636;&#x627;&#x626;&#x64A; &#x641;&#x64A; &#x627;&#x637;&#x627;&#x631; &#x627;&#x643;&#x627;&#x62F;&#x64A;&#x645;&#x64A;&#x629; &#x627;&#x644;&#x642;&#x627;&#x646;&#x648;&#x646; &#x627;&#x644;&#x62F;&#x648;&#x644;&#x64A;-&#x645;&#x62C;&#x645;&#x648;&#x639;&#x629; &#x62F;&#x631;&#x627;&#x633;&#x627;&#x62A; &#x645;&#x647;&#x62F;&#x627;&#x629; &#x627;&#x644;&#x64A; &#x627;&#x633;&#x62A;&#x627;&#x630;&#x64A; &#x62F;&#x64A;&#x628;&#x648;&#x64A; &#x648;&#x641;&#x631;&#x646;&#x633;&#x64A;&#x633;&#x643;&#x627;&#x643;&#x64A;&#x633; /</subfield>
    <subfield code="c">&#x623;&#x62D;&#x645;&#x62F; &#x635;&#x627;&#x62F;&#x642; &#x627;&#x644;&#x642;&#x634;&#x64A;&#x631;&#x64A;.</subfield>
    <subfield code="n">&#x627;&#x644;&#x645;&#x62C;&#x644;&#x62F; &#x627;&#x644;&#x62E;&#x627;&#x645;&#x633;&#x60C;</subfield>
  </datafield>
  <datafield tag="264" ind1=" " ind2="1">
    <subfield code="a">&#x627;&#x644;&#x642;&#x627;&#x647;&#x631;&#x629; :</subfield>
    <subfield code="b">&#x627;&#x644;&#x642;&#x634;&#x64A;&#x631;&#x64A; &#x648; &#x631;&#x627;&#x634;&#x62F; &#x648; &#x631;&#x64A;&#x627;&#x636; &#x644;&#x644;&#x645;&#x62D;&#x627;&#x645;&#x627;&#x647; &#x648; &#x627;&#x644;&#x625;&#x633;&#x62A;&#x634;&#x627;&#x631;&#x627;&#x62A; &#x627;&#x644;&#x642;&#x627;&#x646;&#x648;&#x646;&#x64A;&#x629;,</subfield>
    <subfield code="c">2019.</subfield>
  </datafield>
  <datafield tag="300" ind1=" " ind2=" ">
    <subfield code="a">322 &#x635;&#x641;&#x62D;&#x629;&#x60C; page 318 &#x61B;</subfield>
    <subfield code="c">27 &#x633;&#x645;</subfield>
    <subfield code="b">&#x635;&#x648;&#x631;:</subfield>
  </datafield>
  <datafield tag="336" ind1=" " ind2=" ">
    <subfield code="2">rda content</subfield>
    <subfield code="a">text</subfield>
  </datafield>
  <datafield tag="337" ind1=" " ind2=" ">
    <subfield code="2">rda media</subfield>
    <subfield code="a">Computer</subfield>
  </datafield>
  <datafield tag="338" ind1=" " ind2=" ">
    <subfield code="2">rda carrier</subfield>
    <subfield code="a">Online Resource</subfield>
  </datafield>
  <datafield tag="504" ind1=" " ind2=" ">
    <subfield code="a">&#x64A;&#x62D;&#x62A;&#x648;&#x64A; &#x639;&#x644;&#x649; &#x627;&#x631;&#x62C;&#x627;&#x639;&#x627;&#x62A; &#x628;&#x628;&#x644;&#x64A;&#x648;&#x62C;&#x631;&#x627;&#x641;&#x64A;&#x629;
</subfield>
  </datafield>
  <datafield tag="546" ind1=" " ind2=" ">
    <subfield code="a">&#x627;&#x644;&#x646;&#x635; &#x645;&#x648;&#x627;&#x632;&#x64D; &#x628;&#x627;&#x644;&#x644;&#x63A;&#x62A;&#x64A;&#x646; &#x627;&#x644;&#x639;&#x631;&#x628;&#x64A;&#x629; &#x648;&#x627;&#x644;&#x641;&#x631;&#x646;&#x633;&#x64A;&#x629;</subfield>
  </datafield>
  <datafield tag="650" ind1="1" ind2=" ">
    <subfield code="a">&#x627;&#x644;&#x642;&#x627;&#x646;&#x648;&#x646; &#x627;&#x644;&#x62F;&#x648;&#x644;&#x64A; &#x627;&#x644;&#x62E;&#x627;&#x635;</subfield>
  </datafield>
  <datafield tag="650" ind1="1" ind2=" ">
    <subfield code="a">&#x627;&#x644;&#x62A;&#x643;&#x648;&#x64A;&#x646; &#x627;&#x644;&#x642;&#x636;&#x627;&#x626;&#x64A;</subfield>
  </datafield>
  <datafield tag="856" ind1="4" ind2="0">
    <subfield code="u">https://fll.law.cu.edu.eg/fulltext/bks/B12-00174.pdf</subfield>
  </datafield>
  <datafield tag="905" ind1=" " ind2=" ">
    <subfield code="a">75</subfield>
    <subfield code="e">Yara</subfield>
  </datafield>
  <datafield tag="942" ind1=" " ind2=" ">
    <subfield code="2">ddc</subfield>
    <subfield code="c">BK</subfield>
    <subfield code="e">21</subfield>
    <subfield code="n">0</subfield>
  </datafield>
  <datafield tag="999" ind1=" " ind2=" ">
    <subfield code="c">43941</subfield>
    <subfield code="d">43941</subfield>
  </datafield>
  <datafield tag="952" ind1=" " ind2=" ">
    <subfield code="0">0</subfield>
    <subfield code="1">0</subfield>
    <subfield code="2">ddc</subfield>
    <subfield code="4">0</subfield>
    <subfield code="7">1</subfield>
    <subfield code="8">&#x627;&#x644;&#x642;&#x627;&#x646;&#x648;&#x646; &#x627;&#x644;&#x62F;&#x648;&#x644;&#x64A; &#x627;&#x644;&#x62E;&#x627;&#x635;</subfield>
    <subfield code="a">CU</subfield>
    <subfield code="b">LAW1</subfield>
    <subfield code="d">2025-11-17</subfield>
    <subfield code="l">0</subfield>
    <subfield code="o">Law1 12 341.8 &#x623; &#x62D; . &#x645;   2019  1200174	V5, C1</subfield>
    <subfield code="p">B12-00174</subfield>
    <subfield code="r">2025-11-17 15:02:00</subfield>
    <subfield code="t">1</subfield>
    <subfield code="w">2025-11-17</subfield>
    <subfield code="y">BK</subfield>
  </datafield>
</record>
